| Tag |
First Indicator |
Second Indicator |
Subfields |
| LEADER |
00000cam a22000008a 4500 |
| 001 |
in00000013288 |
| 005 |
20151007052354.0 |
| 008 |
870402c1987 enk b 00110 eng |
| 010 |
|
|
|a 87010312
|
| 020 |
|
|
|a 0631157441 :
|c $49.95 (U.S.)
|
| 020 |
|
|
|a 063115745X (pbk.) :
|c $17.95 (U.S.)
|
| 035 |
|
|
|a (OCoLC)15549133
|
| 035 |
|
|
|9 AAA7502AM
|
| 040 |
|
|
|a DLC
|c DLC
|d m/c
|d TXA
|d UtOrBLW
|
| 049 |
|
|
|a TXAM
|c [A11062169]
|
| 050 |
0 |
0 |
|a P40.5.L37
|b W37 1988
|
| 050 |
|
4 |
|a P40.5.L37
|b W37 1987
|
| 082 |
0 |
|
|a 409
|2 19
|
| 100 |
1 |
|
|a Wardhaugh, Ronald.
|
| 245 |
1 |
0 |
|a Languages in competition :
|b dominance, diversity, and decline /
|c Ronald Wardhaugh.
|
| 263 |
|
|
|a 8801
|
| 264 |
|
1 |
|a Oxford, UK ;
|a New York, NY, USA :
|b B. Blackwell ;
|a London, England :
|b A. Deutsch,
|c 1987.
|
| 300 |
|
|
|a viii, 280 pages
|
| 336 |
|
|
|a text
|b txt
|2 rdacontent
|
| 337 |
|
|
|a unmediated
|b n
|2 rdamedia
|
| 338 |
|
|
|a volume
|b nc
|2 rdacarrier
|
| 490 |
1 |
|
|a The Language library
|
| 504 |
|
|
|a Bibliography: pages [265]-274.
|
| 500 |
|
|
|a Includes index.
|
| 650 |
|
0 |
|a Language spread.
|
| 650 |
|
0 |
|a Linguistic minorities.
|
| 650 |
|
0 |
|a Languages in contact.
|
| 650 |
|
0 |
|a English language
|x Social aspects.
|
| 650 |
|
0 |
|a French language
|x Social aspects.
|
| 830 |
|
0 |
|a Language library.
|
| 999 |
|
|
|a MARS
|
| 999 |
f |
f |
|s 5bad22d0-aeeb-3554-a261-18176ded5a15
|i b1c8f238-0a01-3b80-8f5d-72e555bafb08
|t 0
|
| 952 |
f |
f |
|p normal
|a Texas A&M University
|b College Station
|c Sterling C. Evans Library
|d Evans: Library Stacks
|t 0
|e P40.5.L37 W37 1987
|h Library of Congress classification
|i unmediated -- volume
|m A14811062169
|
| 998 |
f |
f |
|a P40.5.L37 W37 1987
|t 0
|l Evans: Library Stacks
|